Movies Quiz

Random Movies or Oscar Quiz

Headless Movie Slideshow: Best Picture Quiz Stats

Quiz Updated Aug 27, 2016

Challenge
Share
Tweet
Score 0/30 Timer 08:00
0 Plays Today
% Correct
The Godfather
92%
Rocky
91.9%
Gladiator
90.8%
Casablanca
88%
The Silence of the Lambs
87.7%
Braveheart
87.6%
Ben-Hur
86.6%
Slumdog Millionaire
84.8%
Chicago
84.1%
Million Dollar Baby
83.8%
Lawrence of Arabia
83.2%
One Flew Over the Cuckoo's Nest
78.7%
The Sound of Music
77.6%
West Side Story
77.5%
Amadeus
77.5%
% Correct
The King's Speech
77.2%
Patton
71.7%
Platoon
68.3%
American Beauty
66.5%
The Hurt Locker
64.8%
No Country for Old Men
62.3%
Schindler's List
61.2%
Lord of the Rings: The Return of the King
59.6%
Dances with Wolves
55.9%
The Departed
54.8%
Midnight Cowboy
46.9%
The Last Emperor
46.9%
Spotlight
45.5%
Unforgiven
37.1%
Birdman or (The Unexpected Virtue of Ignorance)
24.7%

You're not logged in!

Compare scores with friends on all Sporcle quizzes.
Sign Up with Email
OR
Log In

You Might Also Like...

Show Comments

Extras

Top Quizzes Today


Score Distribution

Your Account Isn't Verified!

In order to create a playlist on Sporcle, you need to verify the email address you used during registration. Go to your Sporcle Settings to finish the process.